| 000 -CABECERA |
| Longitud fija campo de control |
01089nam a22002657a 4500 |
| 001 - NÚMERO DE CONTROL |
| Número de control |
991026841749706706 |
| 003 - IDENTIFICADOR DEL NÚMERO DE CONTROL |
| Identificador del número de control |
OSt |
| 005 - FECHA Y HORA DE LA ÚLTIMA TRANSACCIÓN |
| Fecha y hora de la última transacción |
20231024131729.0 |
| 008 - CÓDIGOS DE INFORMACIÓN DE LONGITUD FIJA |
| Códigos de información de longitud fija |
030116s2002 sp 001 0 cat c |
| 017 ## - NÚMERO DE COPYRIGHT O DE DEPÓSITO LEGAL |
| Número de copyright o de depósito legal |
B-50118-2002 |
| 035 ## - NÚMERO DE CONTROL DEL SISTEMA |
| Número de control del sistema |
(ES-BaCBU).b47149930 |
| 040 ## - FUENTE DE LA CATALOGACIÓN |
| Centro catalogador de origen |
ES-BaCBU |
| Lengua de catalogación |
cat |
| Centro transcriptor |
CDMR |
| 245 00 - MENCIÓN DE TÍTULO |
| Título |
Premsa de l'exili català i republicà |
| Resto del título |
: (1939-1975) : catàleg del fons del CEHI al Pavelló de la República |
| 260 ## - PUBLICACIÓN, DISTRIBUCIÓN, ETC. (PIE DE IMPRENTA) |
| Lugar de publicación, distribución, etc. |
Barcelona : |
| Nombre del editor, distribuidor, etc. |
CEHI. Centre d'Estudis Històrics Internacionals [etc.], |
| Fecha de publicación, distribución, etc. |
2002 |
| 300 ## - DESCRIPCIÓN FÍSICA |
| Extensión |
45 p. : |
| Otras características físicas |
il. ; |
| Dimensiones |
26 cm |
| 500 ## - NOTA GENERAL |
| Nota general |
Indexs |
| 650 #7 - PUNTO DE ACCESO ADICIONAL DE MATERIA - TÉRMINO DE MATERIA |
| Término de materia o nombre geográfico como elemento inicial |
Premsa |
| Subdivisión geográfica |
Catalunya |
| Subdivisión de materia general |
Història |
| Subdivisión cronológica |
1939-1975. |
| Fuente del encabezamiento o término |
lemac |
| 650 #7 - PUNTO DE ACCESO ADICIONAL DE MATERIA - TÉRMINO DE MATERIA |
| Término de materia o nombre geográfico como elemento inicial |
Antifranquisme |
| Subdivisión de materia general |
Catalunya |
| Subdivisión cronológica |
1939-1975 |
| Subdivisión de materia general |
Fonts. |
| Fuente del encabezamiento o término |
lemac |
| 650 #7 - PUNTO DE ACCESO ADICIONAL DE MATERIA - TÉRMINO DE MATERIA |
| Término de materia o nombre geográfico como elemento inicial |
Exiliats |
| Subdivisión geográfica |
Catalunya |
| Subdivisión de materia general |
Cobertura periodística |
| Subdivisión cronológica |
1939-1975. |
| Fuente del encabezamiento o término |
lemac |
| 650 #7 - PUNTO DE ACCESO ADICIONAL DE MATERIA - TÉRMINO DE MATERIA |
| Término de materia o nombre geográfico como elemento inicial |
Exili |
| Subdivisión geográfica |
Catalunya |
| Subdivisión de materia general |
Cobertura periodística |
| -- |
Fonts |
| Subdivisión cronológica |
1939-1975. |
| Fuente del encabezamiento o término |
lemac |
| 710 2# - PUNTO DE ACCESO ADICIONAL - NOMBRE DE ENTIDAD |
| Nombre de entidad o nombre de jurisdicción como elemento inicial |
Universitat de Barcelona. |
| Unidad subordinada |
Centre d'Estudis Històrics Internacionals. |
| 907 ## - ELEMENTO G DATOS LOCALES, GDL (RLIN) |
| a |
.b47149930 |
| b |
22-01-21 |
| c |
17-12-10 |
| d |
17-12-10 |
| e |
m |
| f |
a |
| g |
- |
| h |
cat |
| i |
sp |
| j |
0 |
| k |
1 |
| 908 ## - CONTROL DE PARÁMETROS (RLIN) |
| Parametro de comando lanzado |
URL |
| -- |
BMVB |
| -- |
BMON |
| 942 ## - ENTRADA DE ELEMENTOS AGREGADOS (KOHA) |
| Fuente de clasificaión o esquema |
|
| Koha [por defecto] tipo de item |
Fullets |